[Event "Rated Blitz tournament sJrMmxgO"]
[Site "?"]
[Date "2021.10.21"]
[Round "?"]
[White "Enchanteur"]
[Black "Armament_Haki"]
[Result "0-1"]
[WhiteElo "2297"]
[BlackElo "2548"]
[PlyCount "66"]
[EventDate "2021.??.??"]
[EventType "blitz"]

1. e4 e5 2. Nf3 d5 3. d3 Nc6 4. Nbd2 f5 5. Qe2 Nf6 6. exf5 Bd6 7. g3 O-O 8. Bg2
Bxf5 9. h3 Qd7 10. Nh4 Nd4 11. Qd1 Be6 12. Nhf3 Nc6 13. Nb3 a5 14. a4 e4 15.
Nfd4 Nxd4 16. Nxd4 Bf7 17. dxe4 Nxe4 18. O-O Rae8 19. Be3 Nxg3 20. fxg3 Rxe3
21. Nf5 Re5 22. Qg4 Be6 23. Nh6+ Kh8 24. Rxf8+ Bxf8 25. Qf4 Bc5+ 26. Kh2 Re2
27. Ng4 Bd6 28. Qf3 Rxc2 29. Rf1 h6 30. Qe3 d4 31. Qd3 Qc6 32. Rg1 Bd5 33. Qf1
Rxb2 {Normal} 0-1

[Event "Rated Blitz game"]
[Site "?"]
[Date "2021.10.21"]
[Round "?"]
[White "GhengisClown"]
[Black "sillierchess"]
[Result "0-1"]
[WhiteElo "2320"]
[BlackElo "2437"]
[PlyCount "90"]
[EventDate "2021.??.??"]
[EventType "blitz"]

1. e4 e5 2. Nf3 d5 3. exd5 Bd6 4. Nc3 Nf6 5. d4 e4 6. Ng5 O-O 7. Bc4 Re8 8. Be3
Bg4 9. Qd2 Nbd7 10. h3 Bh5 11. g4 Bg6 12. O-O-O h6 13. h4 hxg5 14. hxg5 Nh7 15.
Rh4 Nb6 16. Bb3 Bb4 17. Rdh1 Bxc3 18. Qxc3 Nxd5 19. Qe1 Nxe3 20. fxe3 Qxg5 21.
Qg3 Re7 22. Qh3 Kf8 23. Rxh7 Bxh7 24. Qxh7 Ree8 25. Kd2 Qxg4 26. Qh2 Ke7 27.
Qxc7+ Qd7 28. Qxd7+ Kxd7 29. Bxf7 Re7 30. Bg6 Rf8 31. Ke2 Rf6 32. Rg1 Ree6 33.
Bh7 g6 34. c4 Ke7 35. d5 Ra6 36. a3 Kf7 37. Kd2 Kg7 38. Kc3 Kxh7 39. Kd4 Rf2
40. b4 Rxa3 41. Kxe4 Re2 42. d6 Raxe3+ 43. Kd5 Rd2+ 44. Kc5 Red3 45. Rh1+ Kg7 {
Normal} 0-1

[Event "Rated Blitz game"]
[Site "?"]
[Date "2021.10.21"]
[Round "?"]
[White "mandarria"]
[Black "Shuhratullo"]
[Result "0-1"]
[WhiteElo "2528"]
[BlackElo "2343"]
[PlyCount "68"]
[EventDate "2021.??.??"]
[EventType "blitz"]

1. e4 e5 2. Nf3 d5 3. exd5 e4 4. Qe2 Nf6 5. d3 Bb4+ 6. c3 O-O 7. dxe4 Bc5 8.
Bg5 h6 9. Bxf6 Qxf6 10. Nbd2 Re8 11. g3 c6 12. dxc6 Nxc6 13. Bg2 Bg4 14. O-O
Rad8 15. Rad1 Bb6 16. Nc4 Rxd1 17. Rxd1 Bc5 18. b4 Bf8 19. b5 Nd8 20. Qd3 Ne6
21. e5 Qg6 22. Qxg6 fxg6 23. Rd7 Nc5 24. Rc7 Be6 25. Nd6 Rb8 26. Nd4 Bxa2 27.
Nxb7 Ne6 28. Rd7 Nc5 29. Rc7 Nd3 30. e6 Re8 31. c4 Be7 32. Bd5 Kh7 33. Nc6 Bxc4
34. Bxc4 Nb2 {Time forfeit} 0-1

[Event "Rated Blitz game"]
[Site "?"]
[Date "2021.10.20"]
[Round "?"]
[White "lloman"]
[Black "RCompany_1"]
[Result "1/2-1/2"]
[WhiteElo "2483"]
[BlackElo "2444"]
[PlyCount "118"]
[EventDate "2021.??.??"]
[EventType "blitz"]

1. e4 e5 2. Nf3 d5 3. Nxe5 Bd6 4. d4 dxe4 5. Nc3 Bxe5 6. dxe5 Qxd1+ 7. Nxd1 Nc6
8. Bf4 Nge7 9. Nc3 Bf5 10. O-O-O Ng6 11. g3 Ngxe5 12. Rd5 f6 13. Bg2 Be6 14.
Rdd1 f5 15. Rhe1 Rd8 16. Rxd8+ Kxd8 17. f3 Nxf3 18. Bxf3 exf3 19. Rf1 Nd4 20.
Be5 Ne2+ 21. Kd2 Nxc3 22. Bxc3 Bd5 23. Bxg7 Re8 24. Rf2 c5 25. b3 c4 26. bxc4
Bc6 27. Bd4 b6 28. Kc3 h5 29. Kb4 Re2 30. c5 b5 31. c4 a6 32. cxb5 axb5 33.
Rxe2 fxe2 34. Bf2 Kd7 35. Kc3 Bd5 36. a3 Kc6 37. Kd2 Bc4 38. Ke3 Kd5 39. Kf4
Bd3 40. Ke3 Bc4 41. Kf4 Bd3 42. Ke3 Be4 43. Kxe2 Kc4 44. Be3 Kb3 45. c6 Bxc6
46. Bc5 Kc4 47. Bb4 Kd4 48. Bd6 Ke4 49. h3 Kd5 50. Be7 Kc4 51. Ke3 Bg2 52. h4
Bh3 53. Kf4 Kb3 54. Kg5 Kc4 55. Bb4 Bg4 56. Kf4 Kb3 57. Kg5 Kc4 58. Kf4 Kb3 59.
Kg5 Kc4 {Normal} 1/2-1/2

[Event "Rated Blitz game"]
[Site "?"]
[Date "2021.10.20"]
[Round "?"]
[White "Pastormartines"]
[Black "batasjon"]
[Result "0-1"]
[WhiteElo "2419"]
[BlackElo "2447"]
[PlyCount "30"]
[EventDate "2021.??.??"]
[EventType "blitz"]

1. e4 e5 2. Nf3 d5 3. exd5 e4 4. Qe2 Nf6 5. Nc3 Be7 6. Nxe4 O-O 7. d3 Re8 8.
Be3 Nxd5 9. O-O-O f5 10. Nc3 Nxc3 11. bxc3 f4 12. d4 fxe3 13. Qc4+ Kh8 14. fxe3
Bg5 15. Ne5 Rxe5 {Normal} 0-1

[Event "Rated Blitz game"]
[Site "?"]
[Date "2021.10.20"]
[Round "?"]
[White "ninamon"]
[Black "specialprize4u"]
[Result "0-1"]
[WhiteElo "2378"]
[BlackElo "2406"]
[PlyCount "36"]
[EventDate "2021.??.??"]
[EventType "blitz"]

1. e4 e5 2. Nf3 d5 3. Nxe5 Bd6 4. d4 dxe4 5. Nc3 Bxe5 6. dxe5 Qxd1+ 7. Kxd1 Bf5
8. Bf4 Nc6 9. Bc4 Nge7 10. Re1 Ng6 11. Bg3 Ngxe5 12. Bd5 O-O-O 13. Kc1 Rhe8 14.
Bxe4 Bxe4 15. Rxe4 f5 16. Re1 Nd3+ 17. cxd3 Rxe1+ 18. Nd1 Rxd3 {Normal} 0-1

[Event "Rated Blitz game"]
[Site "?"]
[Date "2021.10.20"]
[Round "?"]
[White "master_f60"]
[Black "batasjon"]
[Result "0-1"]
[WhiteElo "2299"]
[BlackElo "2446"]
[PlyCount "118"]
[EventDate "2021.??.??"]
[EventType "blitz"]

1. e4 e5 2. Nf3 d5 3. d4 dxe4 4. Nxe5 Bd6 5. Bf4 Nf6 6. Bc4 O-O 7. O-O Nc6 8.
Nxc6 bxc6 9. Bxd6 cxd6 10. c3 d5 11. Bb3 Bg4 12. Qd2 Qd6 13. Na3 Rab8 14. Nc2
Be6 15. Ne3 Qf4 16. Rab1 Ng4 17. g3 Qh6 18. h4 f5 19. Qe2 g5 20. Nxg4 fxg4 21.
hxg5 Qxg5 22. Kg2 Rf6 23. Bc2 Rbf8 24. Qe3 Rxf2+ 25. Qxf2 Rxf2+ 26. Rxf2 Qe3
27. Rbf1 c5 28. dxc5 Qxc5 29. Rf8+ Qxf8 30. Rxf8+ Kxf8 31. Kf2 Ke7 32. Ke3 Kf6
33. Kf4 h6 34. Bd1 h5 35. b4 Bd7 36. a4 Ke6 37. a5 Kd6 38. Kg5 Be8 39. Kf4 Bb5
40. Kg5 e3 41. Kxh5 e2 42. Bxe2 Bxe2 43. Kg5 Kc6 44. Kf4 Kb5 45. Ke5 Kc4 46. b5
Kxc3 47. b6 axb6 48. axb6 Ba6 49. Kxd5 Kd3 50. Ke5 Ke3 51. Kf5 Kf3 52. Ke5 Kxg3
53. Ke4 Kf2 54. Kf4 g3 55. Kg5 g2 56. Kf6 g1=Q 57. Ke5 Qb1 58. Kd6 Qxb6+ 59.
Kd5 Bb7+ {Normal} 0-1

[Event "Rated Blitz game"]
[Site "?"]
[Date "2021.10.20"]
[Round "?"]
[White "rumiek"]
[Black "Annali-annaliew1979"]
[Result "1-0"]
[WhiteElo "2379"]
[BlackElo "2403"]
[PlyCount "41"]
[EventDate "2021.??.??"]
[EventType "blitz"]

1. e4 e5 2. Nf3 d5 3. Nc3 dxe4 4. Nxe4 f5 5. Nc3 e4 6. Ng1 Bc5 7. Bc4 Bxf2+ 8.
Kxf2 Qd4+ 9. Kf1 Qxc4+ 10. d3 exd3 11. cxd3 Qe6 12. Nf3 Nf6 13. Nd4 Qd6 14.
Ncb5 Qe7 15. Qb3 a6 16. Bf4 axb5 17. Re1 Ne4 18. dxe4 fxe4 19. Qd5 Qf7 20.
Rxe4+ Kf8 21. Qd8+ {Normal} 1-0

[Event "Rated Blitz game"]
[Site "?"]
[Date "2021.10.20"]
[Round "?"]
[White "rtahmass"]
[Black "alaeldin1212"]
[Result "1-0"]
[WhiteElo "2461"]
[BlackElo "2412"]
[PlyCount "135"]
[EventDate "2021.??.??"]
[EventType "blitz"]

1. e4 e5 2. Nf3 d5 3. exd5 e4 4. Qe2 Nf6 5. Nc3 Be7 6. Nxe4 O-O 7. d3 Nxd5 8.
Be3 Re8 9. O-O-O f5 10. g3 Nd7 11. Ned2 c6 12. Bg2 Qa5 13. Kb1 Bf6 14. Nb3 Qa6
15. Nfd4 N7b6 16. Qd2 Na4 17. Bxd5+ cxd5 18. Qb4 Bd7 19. Nc5 Nxc5 20. Qxc5 Bc6
21. Nxf5 d4 22. Bxd4 Bxd4 23. Nxd4 Bxh1 24. Rxh1 Rad8 25. a3 Qf6 26. Nf5 b6 27.
Qc4+ Kh8 28. g4 g6 29. Ng3 Qd4 30. Qxd4+ Rxd4 31. Ne4 Kg7 32. Kc1 a6 33. Re1 b5
34. Kd2 a5 35. f3 b4 36. axb4 axb4 37. Ke3 Rd7 38. Ra1 Red8 39. Kd2 b3 40. Nc5
Re7 41. Nxb3 Rf8 42. Nd4 Kh6 43. Ra5 Rd8 44. Nc6 Rde8 45. Nxe7 Rxe7 46. f4 Rf7
47. Ke3 Re7+ 48. Re5 Rb7 49. b3 Kg7 50. g5 h6 51. h4 hxg5 52. hxg5 Kf7 53. d4
Rc7 54. c4 Rb7 55. Rb5 Re7+ 56. Kf3 Re1 57. d5 Rb1 58. Rb7+ Kf8 59. d6 Rd1 60.
c5 Ke8 61. Ke4 Kd8 62. Ke5 Kc8 63. Rc7+ Kd8 64. Kf6 Re1 65. Kxg6 Re4 66. c6
Rxf4 67. Ra7 Ke8 68. Ra8# {Normal} 1-0

[Event "Rated Blitz game"]
[Site "?"]
[Date "2021.10.20"]
[Round "?"]
[White "chess_commandos"]
[Black "Taabling"]
[Result "0-1"]
[WhiteElo "2456"]
[BlackElo "2538"]
[PlyCount "44"]
[EventDate "2021.??.??"]
[EventType "blitz"]

1. e4 e5 2. Nf3 d5 3. Nxe5 Bd6 4. d4 dxe4 5. Bf4 Nf6 6. Nc3 O-O 7. Be2 Re8 8.
O-O Nbd7 9. Bg3 Qe7 10. f4 exf3 11. Bxf3 Nxe5 12. dxe5 Bxe5 13. Re1 Qc5+ 14.
Kh1 Bxg3 15. Rxe8+ Nxe8 16. Qd8 Qf8 17. hxg3 Nf6 18. Qxc7 Bf5 19. Bxb7 Re8 20.
Nd5 Ng4 21. Rf1 g6 22. c4 Qh6+ {Normal} 0-1

[Event "Rated Blitz game"]
[Site "?"]
[Date "2021.10.20"]
[Round "?"]
[White "Eddymyson"]
[Black "KamranShirazi"]
[Result "0-1"]
[WhiteElo "2584"]
[BlackElo "2588"]
[PlyCount "114"]
[EventDate "2021.??.??"]
[EventType "blitz"]

1. e4 e5 2. Nf3 d5 3. exd5 e4 4. Qe2 Nf6 5. Nc3 Be7 6. Nxe4 Nxd5 7. d3 O-O 8.
Qd1 f5 9. Nc3 Bb4 10. Bd2 Re8+ 11. Be2 Bxc3 12. bxc3 Qe7 13. c4 Nb4 14. Bxb4
Qxb4+ 15. Qd2 Qe7 16. Qe3 Qb4+ 17. Qd2 Nc6 18. Qxb4 Nxb4 19. O-O-O Rxe2 20. Rd2
Nxa2+ 21. Kb2 Rxd2 22. Nxd2 Nb4 23. Re1 Bd7 24. Kc3 a5 25. Nb3 b6 26. Nd4 Kf7
27. Nf3 Rd8 28. d4 Kf6 29. Ne5 Nc6 30. f4 Be8 31. d5 Nb8 32. h3 Na6 33. g4 g6
34. g5+ Kg7 35. h4 Nc5 36. h5 Ne4+ 37. Kd4 gxh5 38. Nf3 Bg6 39. Kd3 Re8 40. Ne5
h4 41. Kd4 h3 42. Rh1 Nf2 43. Rh2 c5+ 44. Kc3 Ng4 45. Rxh3 Nxe5 46. fxe5 Rxe5
47. Kb2 Re4 48. Rb3 Rxc4 49. Rxb6 Rd4 50. d6 Bf7 51. Kc3 f4 52. Rb7 f3 53. d7
f2 54. Rb8 f1=Q 55. d8=Q Qc4+ 56. Kb2 Qa2+ 57. Kc3 Qa3+ {Time forfeit} 0-1

[Event "Rated Blitz game"]
[Site "?"]
[Date "2021.10.20"]
[Round "?"]
[White "Topacchi8la"]
[Black "Dzon_Vejn"]
[Result "1/2-1/2"]
[WhiteElo "2477"]
[BlackElo "2514"]
[PlyCount "118"]
[EventDate "2021.??.??"]
[EventType "blitz"]

1. e4 e5 2. Nf3 d5 3. d4 dxe4 4. Nxe5 Bd6 5. Nc4 Be7 6. Nc3 Nf6 7. Bf4 Bf5 8.
Be2 c6 9. Ne3 Bg6 10. Qd2 O-O 11. O-O-O b5 12. h4 b4 13. Na4 Nd5 14. Nxd5 cxd5
15. g4 f5 16. h5 Bf7 17. g5 Be6 18. g6 Nd7 19. h6 hxg6 20. h7+ Kh8 21. Rdg1 Bf7
22. Bg5 Rc8 23. Bb5 Bf6 24. Bxd7 Qxd7 25. Nc5 Qc6 26. Bxf6 gxf6 27. Qxb4 f4 28.
Qc3 f3 29. Kd2 Qb5 30. Re1 Rfd8 31. b4 f5 32. a4 Qe8 33. Qe3 Rb8 34. c3 a5 35.
b5 Rbc8 36. Qg5 Rd6 37. Rb1 Qd8 38. Qf4 Rf6 39. Qe5 Qd6 40. Qxd6 Rxd6 41. b6
Rb8 42. Rb5 Be8 43. Rxa5 Rdxb6 44. Rc1 f4 45. Ra7 g5 46. Rc2 Bg6 47. Nd7 Rb1
48. Nxb8 e3+ 49. fxe3 Bxc2 50. Kxc2 Rxb8 51. exf4 f2 52. fxg5 f1=Q 53. g6 Qe2+
54. Kc1 Qe1+ 55. Kc2 Qe2+ 56. Kc1 Qe1+ 57. Kc2 Qf2+ 58. Kc1 Qf3 59. Kc2 Qe2+ {
Normal} 1/2-1/2

[Event "Rated Blitz game"]
[Site "?"]
[Date "2021.10.20"]
[Round "?"]
[White "theprestige2021"]
[Black "AsianLion"]
[Result "1-0"]
[WhiteElo "2819"]
[BlackElo "2701"]
[PlyCount "67"]
[EventDate "2021.??.??"]
[EventType "blitz"]

1. e4 e5 2. Nf3 d5 3. exd5 Bd6 4. d4 e4 5. Ne5 Nf6 6. Bb5+ c6 7. dxc6 O-O 8.
O-O Nxc6 9. Bf4 Qc7 10. Bxc6 bxc6 11. Nd2 Nd5 12. Bg3 f5 13. c4 f4 14. cxd5
cxd5 15. Bh4 Bxe5 16. Rc1 Qd6 17. dxe5 Qxe5 18. Rc5 Be6 19. Re1 Qxb2 20. Nb3
Qxa2 21. Nd4 Bf7 22. Be7 Rfc8 23. Qc1 Rxc5 24. Qxc5 a5 25. Nf5 Qd2 26. Ra1 a4
27. Bd6 a3 28. Be5 e3 29. fxe3 Re8 30. exf4 Bg6 31. Ne7+ Kh8 32. Nxg6+ hxg6 33.
Qxa3 Kh7 34. h3 {Time forfeit} 1-0

[Event "Rated Blitz game"]
[Site "?"]
[Date "2021.10.20"]
[Round "?"]
[White "Udar59"]
[Black "Annali-annaliew1979"]
[Result "0-1"]
[WhiteElo "2427"]
[BlackElo "2448"]
[PlyCount "92"]
[EventDate "2021.??.??"]
[EventType "blitz"]

1. e4 e5 2. Nf3 d5 3. exd5 e4 4. Ne5 Bd6 5. d4 Nf6 6. c4 b6 7. Nc3 h6 8. Bf4
O-O 9. Bg3 Bf5 10. Be2 Re8 11. O-O Qe7 12. Nb5 a6 13. Nxd6 cxd6 14. Nc6 Nxc6
15. dxc6 e3 16. f3 d5 17. Qb3 dxc4 18. Qxb6 Bd3 19. Rfe1 Nd5 20. Qb7 Qb4 21. a3
Qd2 22. c7 Bxe2 23. Qxd5 Bd3 24. Qc6 Rac8 25. d5 Bf5 26. Qxc4 Qxd5 27. Qxd5 Be6
28. Qd6 Bc4 29. Rac1 Bb5 30. Qc5 e2 31. b3 Re6 32. a4 Bc6 33. Qxc6 Rxc6 34.
Rxc6 Kf8 35. Rxe2 f6 36. Bd6+ Kf7 37. Re7+ Kg6 38. Bc5 Kf5 39. Rd7 Ke5 40. Rd8
Rxc7 41. Rxc7 Kf4 42. Bd4 f5 43. Rd5 g5 44. h4 Kg3 45. Rc4 Kxh4 46. Be5+ f4 {
Time forfeit} 0-1

[Event "Rated Blitz game"]
[Site "?"]
[Date "2021.10.20"]
[Round "?"]
[White "MarceloMANN"]
[Black "Annali-annaliew1979"]
[Result "0-1"]
[WhiteElo "2474"]
[BlackElo "2408"]
[PlyCount "34"]
[EventDate "2021.??.??"]
[EventType "blitz"]

1. e4 e5 2. Nf3 d5 3. Nxe5 Qe7 4. Nf3 dxe4 5. Nd4 f5 6. d3 Nf6 7. dxe4 fxe4 8.
Be3 Qb4+ 9. Nd2 Qxb2 10. Bc4 Qc3 11. O-O Bc5 12. Ne2 Qa5 13. Nb3 Qb4 14. Bxc5
Qxc4 15. a4 Nc6 16. a5 Bg4 17. Re1 Rd8 {Normal} 0-1

[Event "Rated Blitz game"]
[Site "?"]
[Date "2021.10.20"]
[Round "?"]
[White "iron_fistt"]
[Black "Annali-annaliew1979"]
[Result "0-1"]
[WhiteElo "2549"]
[BlackElo "2427"]
[PlyCount "70"]
[EventDate "2021.??.??"]
[EventType "blitz"]

1. e4 e5 2. Nf3 d5 3. exd5 e4 4. Qe2 f5 5. d3 Nf6 6. dxe4 fxe4 7. Ng5 Be7 8.
Nxe4 Nxe4 9. Qxe4 O-O 10. Bd3 Bf5 11. Qd4 Bxd3 12. Qxd3 Bd6 13. O-O Nd7 14. Nc3
Ne5 15. Qe2 Qh4 16. f4 Ng6 17. g3 Qd8 18. Be3 Re8 19. Qd3 b6 20. Rae1 Qf6 21.
Kg2 Rad8 22. Ne4 Qxb2 23. Bd4 Qxa2 24. Bxg7 Kxg7 25. Qd4+ Kh6 26. g4 Qxc2+ 27.
Rf2 Nxf4+ 28. Kh1 Rxe4 29. Qf6+ Ng6 30. Rxc2 Rxe1+ 31. Kg2 Rf8 32. g5+ Kh5 33.
Qd4 Rf4 34. Qg7 Nh4+ 35. Kg3 Re3# {Normal} 0-1

[Event "Rated Blitz game"]
[Site "?"]
[Date "2021.10.20"]
[Round "?"]
[White "Picay"]
[Black "ahoramahora"]
[Result "1-0"]
[WhiteElo "2452"]
[BlackElo "2426"]
[PlyCount "55"]
[EventDate "2021.??.??"]
[EventType "blitz"]

1. e4 e5 2. Nf3 d5 3. exd5 e4 4. Qe2 Nf6 5. d3 Qxd5 6. Nbd2 Nc6 7. dxe4 Qa5 8.
c3 Bg4 9. h3 Bh5 10. Nb3 Qa4 11. e5 Nd5 12. g4 Bg6 13. Nh4 O-O-O 14. Bg2 Be7
15. Nxg6 fxg6 16. O-O Rhf8 17. Rd1 Bh4 18. Rxd5 Rxf2 19. Qe4 Qxe4 20. Bxe4 Rdf8
21. Be3 Re2 22. Bc5 Bf2+ 23. Bxf2 Rfxf2 24. Bh1 Nxe5 25. Rf1 Rxf1+ 26. Kxf1 Rh2
27. Bg2 Nc6 28. Kg1 {Normal} 1-0

[Event "Rated Blitz game"]
[Site "?"]
[Date "2021.10.20"]
[Round "?"]
[White "JohnnyAnto"]
[Black "Annali-annaliew1979"]
[Result "1-0"]
[WhiteElo "2561"]
[BlackElo "2423"]
[PlyCount "71"]
[EventDate "2021.??.??"]
[EventType "blitz"]

1. e4 e5 2. Nf3 d5 3. Nxe5 Qe7 4. d4 f6 5. Ng4 Nc6 6. Bb5 Bd7 7. O-O dxe4 8.
Re1 f5 9. Bxc6 bxc6 10. Ne5 Nf6 11. c4 Qe6 12. Nc3 Bd6 13. Nxd7 Qxd7 14. f3 O-O
15. fxe4 fxe4 16. Nxe4 Nxe4 17. Rxe4 Rae8 18. Rxe8 Qxe8 19. Bd2 Qe4 20. Bc3
Qe3+ 21. Kh1 Qf4 22. Qg1 Qf7 23. b3 h5 24. Be1 Qf6 25. Bg3 h4 26. Bxd6 cxd6 27.
h3 Qf4 28. Re1 d5 29. Qe3 Qxe3 30. Rxe3 Rf2 31. Kh2 Rxa2 32. Re6 Rb2 33. Rxc6
Rxb3 34. cxd5 Rd3 35. Rc4 Rxd4 36. Rxd4 {Normal} 1-0

[Event "Rated Blitz game"]
[Site "?"]
[Date "2021.10.20"]
[Round "?"]
[White "jf_bs"]
[Black "sillierchess"]
[Result "0-1"]
[WhiteElo "2299"]
[BlackElo "2434"]
[PlyCount "28"]
[EventDate "2021.??.??"]
[EventType "blitz"]

1. e4 e5 2. Nf3 d5 3. Nc3 dxe4 4. Nxe4 f5 5. Ng3 e4 6. Ne5 Nf6 7. Bc4 Qd4 8.
Bf7+ Ke7 9. f4 exf3 10. Nxf3 Qb6 11. Qe2+ Kxf7 12. Ng5+ Kg6 13. h4 h5 14. d4
Bd6 {Normal} 0-1

[Event "Rated Blitz game"]
[Site "?"]
[Date "2021.10.20"]
[Round "?"]
[White "madhav116"]
[Black "AsianLion"]
[Result "0-1"]
[WhiteElo "2641"]
[BlackElo "2691"]
[PlyCount "26"]
[EventDate "2021.??.??"]
[EventType "blitz"]

1. e4 e5 2. Nf3 d5 3. Nxe5 Bd6 4. d4 dxe4 5. Bc4 Bxe5 6. Qh5 Qxd4 7. Qxf7+ Kd8
8. Bg5+ Nf6 9. Nc3 Bg4 10. h3 Bh5 11. Qxg7 Re8 12. Bf7 e3 13. Bxh5 Qd2+ {Normal
} 0-1

[Event "Rated Blitz game"]
[Site "?"]
[Date "2021.10.20"]
[Round "?"]
[White "Kostov_64"]
[Black "ahoramahora"]
[Result "1-0"]
[WhiteElo "2434"]
[BlackElo "2434"]
[PlyCount "77"]
[EventDate "2021.??.??"]
[EventType "blitz"]

1. e4 e5 2. Nf3 d5 3. Nxe5 Bd6 4. d4 dxe4 5. Nc4 Nf6 6. Nc3 h6 7. Be2 O-O 8.
O-O Bf5 9. Nxd6 Qxd6 10. f3 Bg6 11. Nxe4 Nxe4 12. fxe4 Bxe4 13. Bf4 Qc6 14. Bf3
Na6 15. c3 Rad8 16. Qd2 Bxf3 17. Rxf3 Nc5 18. Raf1 Ne4 19. Qd1 f5 20. Be5 Qd5
21. a3 c5 22. Rxf5 Rxf5 23. Rxf5 cxd4 24. cxd4 Nd6 25. Rf4 Nf7 26. Qe2 Re8 27.
Re4 b5 28. h3 a5 29. Qg4 Nxe5 30. dxe5 Rxe5 31. Rxe5 Qxe5 32. Qc8+ Kh7 33. Qc2+
g6 34. Qd2 b4 35. axb4 axb4 36. Qxb4 Qe3+ 37. Kh1 h5 38. Qc3 h4 39. Qxe3 {
Normal} 1-0

[Event "Rated Blitz game"]
[Site "?"]
[Date "2021.10.20"]
[Round "?"]
[White "Fidel0829"]
[Black "elrond"]
[Result "0-1"]
[WhiteElo "2311"]
[BlackElo "2470"]
[PlyCount "50"]
[EventDate "2021.??.??"]
[EventType "blitz"]

1. e4 e5 2. Nf3 d5 3. exd5 e4 4. Qe2 Nf6 5. d3 Bb4+ 6. c3 O-O 7. dxe4 Bc5 8.
Bg5 Re8 9. e5 Qxd5 10. h3 Nc6 11. exf6 Rxe2+ 12. Bxe2 Qe6 13. fxg7 Kxg7 14.
Nbd2 Bd7 15. Kf1 Re8 16. Re1 Qxa2 17. b4 Bd6 18. Be3 a5 19. b5 Ne5 20. Bd4 f6
21. Nxe5 Bxe5 22. Bxe5 Rxe5 23. Nf3 Rxe2 24. Rxe2 Bxb5 25. Nd4 Qa1# {Normal}
0-1

[Event "Rated Blitz game"]
[Site "?"]
[Date "2021.10.20"]
[Round "?"]
[White "tigra522"]
[Black "barry-allen"]
[Result "1-0"]
[WhiteElo "2557"]
[BlackElo "2373"]
[PlyCount "39"]
[EventDate "2021.??.??"]
[EventType "blitz"]

1. e4 e5 2. Nf3 d5 3. exd5 e4 4. Qe2 Nf6 5. Nc3 Be7 6. Nxe4 O-O 7. d3 Qxd5 8.
Bd2 c5 9. Bc3 Nc6 10. Nxf6+ Bxf6 11. Bxf6 gxf6 12. Qe4 Qd6 13. Be2 b6 14. O-O-O
Bb7 15. Qh4 Rfe8 16. Rhe1 Re6 17. d4 cxd4 18. Bd3 Ne5 19. Bxh7+ Kg7 20. Nxd4 {
Normal} 1-0

[Event "Rated Blitz game"]
[Site "?"]
[Date "2021.10.20"]
[Round "?"]
[White "Mrjoeyg"]
[Black "Depressed_player"]
[Result "1-0"]
[WhiteElo "2543"]
[BlackElo "2376"]
[PlyCount "79"]
[EventDate "2021.??.??"]
[EventType "blitz"]

1. e4 e5 2. Nf3 d5 3. exd5 e4 4. Ne5 Bd6 5. d4 Nf6 6. c4 c6 7. dxc6 Bxe5 8.
dxe5 Qxd1+ 9. Kxd1 Ng4 10. Ke1 Nxc6 11. Nc3 Bf5 12. Bf4 O-O-O 13. Be2 Nb4 14.
Bxg4 Nd3+ 15. Kf1 Bxg4 16. Bg3 Nxb2 17. Nxe4 Nxc4 18. Rc1 b5 19. a4 a6 20. axb5
axb5 21. Nd6+ Kb8 22. Nxb5 Rd2 23. h3 Be2+ 24. Kg1 Rhd8 25. Kh2 Ne3 26. e6+ Kb7
27. e7 Re8 28. Nd6+ Rxd6 29. Bxd6 Nf5 30. Ba3 Nxe7 31. Rhe1 Nf5 32. Rc2 Bb5 33.
Rb1 Ka6 34. Rc5 Nd4 35. Bb2 Nb3 36. Rg5 g6 37. Bc3 Bc4 38. Rg4 Be6 39. Rb4 Nc5
40. Ra1+ {Normal} 1-0

[Event "Rated Rapid game"]
[Site "?"]
[Date "2021.10.20"]
[Round "?"]
[White "Mariano_Nelson_II"]
[Black "yara22mostafa"]
[Result "0-1"]
[WhiteElo "2598"]
[BlackElo "2411"]
[PlyCount "58"]
[EventDate "2021.??.??"]
[EventType "rapid"]

1. e4 e5 2. Nf3 d5 3. Nxe5 Bd6 4. d4 dxe4 5. Nc4 Nf6 6. Nc3 O-O 7. Nxd6 Qxd6 8.
h3 Nc6 9. Be3 Be6 10. Qd2 Rad8 11. O-O-O Nb4 12. a3 Nbd5 13. Nxd5 Nxd5 14. c4
Nxe3 15. fxe3 c6 16. Be2 Qg3 17. Rhg1 b5 18. Qc3 bxc4 19. Rde1 c5 20. dxc5 Rd5
21. Rd1 Rxc5 22. Rge1 h6 23. Bf1 Rfc8 24. Kb1 Rb5 25. Rc1 Rb3 26. Qd4 c3 27.
Re2 Qb8 28. Rcc2 Rxa3 29. Qxe4 Qb3 {Normal} 0-1

[Event "Rated Blitz game"]
[Site "?"]
[Date "2021.10.20"]
[Round "?"]
[White "emiliooo"]
[Black "KamranShirazi"]
[Result "0-1"]
[WhiteElo "2639"]
[BlackElo "2581"]
[PlyCount "74"]
[EventDate "2021.??.??"]
[EventType "blitz"]

1. e4 e5 2. Nf3 d5 3. Nxe5 Bd6 4. d4 dxe4 5. Nc3 Bxe5 6. dxe5 Qxd1+ 7. Kxd1 Bf5
8. Bf4 Nc6 9. Bb5 O-O-O+ 10. Ke1 Nd4 11. Ba4 e3 12. Bxe3 Nxc2+ 13. Bxc2 Bxc2
14. Rc1 Bg6 15. Nb5 c6 16. Bxa7 Ne7 17. Bc5 Rd5 18. Nd6+ Kc7 19. f4 Nf5 20. Ke2
Bh5+ 21. Kf2 Rd2+ 22. Ke1 Re2+ 23. Kf1 Nxd6 24. Bxd6+ Kc8 25. Rc3 Rxb2 26. Ra3
Be2+ 27. Kf2 Ba6+ 28. Kf3 f5 29. h3 h5 30. Re1 Kd7 31. Rc1 h4 32. Re3 Ke6 33.
a3 Rg8 34. Rd1 g5 35. fxg5 Rxg5 36. g4 hxg3 37. Bc5 Rf2# {Normal} 0-1

[Event "Rated Blitz game"]
[Site "?"]
[Date "2021.10.20"]
[Round "?"]
[White "skillet_hero"]
[Black "Annali-annaliew1979"]
[Result "1-0"]
[WhiteElo "2524"]
[BlackElo "2472"]
[PlyCount "77"]
[EventDate "2021.??.??"]
[EventType "blitz"]

1. e4 e5 2. Nf3 d5 3. Nxe5 Qe7 4. d4 f6 5. Nf3 dxe4 6. Nfd2 f5 7. Nc3 Nf6 8.
Be2 Nc6 9. Nb3 Be6 10. O-O O-O-O 11. Be3 f4 12. Bxf4 Bxb3 13. axb3 Nxd4 14.
Rxa7 Nf3+ 15. Bxf3 Rxd1 16. Ra8+ Kd7 17. Rxd1+ Ke6 18. Nxe4 Kf5 19. Bg5 Qe5 20.
Bxf6 gxf6 21. Rd5 Qxd5 22. Ng3+ Ke5 23. Bxd5 Kxd5 24. Nh5 Bg7 25. Ra5+ b5 26.
Nxg7 c6 27. c4+ Kc5 28. cxb5 cxb5 29. Nh5 Rd8 30. Kf1 Kb4 31. Ra6 Rd2 32. Rxf6
Rxb2 33. Rf3 Rxb3 34. Rxb3+ Kxb3 35. Nf4 Kc2 36. Ke2 b4 37. Nd3 b3 38. f4 Kc3
39. f5 {Normal} 1-0

[Event "Rated Blitz game"]
[Site "?"]
[Date "2021.10.20"]
[Round "?"]
[White "promoKC"]
[Black "ahoramahora"]
[Result "1-0"]
[WhiteElo "2460"]
[BlackElo "2422"]
[PlyCount "87"]
[EventDate "2021.??.??"]
[EventType "blitz"]

1. e4 e5 2. Nf3 d5 3. exd5 e4 4. Ne5 Qxd5 5. d4 exd3 6. Nxd3 Bf5 7. Nc3 Qd7 8.
Bf4 Nc6 9. Qd2 O-O-O 10. O-O-O Nf6 11. f3 Nb4 12. Nxb4 Qxd2+ 13. Rxd2 Rxd2 14.
Bxd2 Bxb4 15. a3 Bc5 16. Bc4 Bg6 17. b4 Bb6 18. Bg5 Nd7 19. Nd5 Ne5 20. Nxb6+
axb6 21. Bb3 f6 22. Bf4 Re8 23. Rd1 Rd8 24. Rxd8+ Kxd8 25. Kd2 Ke7 26. Ke3 Be8
27. Bg8 h6 28. h4 g5 29. hxg5 hxg5 30. Bxe5 fxe5 31. Bd5 c6 32. Bg8 c5 33. Bd5
cxb4 34. axb4 Bc6 35. Ke4 Kf6 36. c4 b5 37. cxb5 Bxb5 38. Bxb7 Bf1 39. g3 Be2
40. Bc8 Bd1 41. b5 Bc2+ 42. Ke3 Ba4 43. b6 Bc6 44. b7 {Normal} 1-0

[Event "Rated Blitz game"]
[Site "?"]
[Date "2021.10.20"]
[Round "?"]
[White "antonio_s"]
[Black "Nepsuliini"]
[Result "0-1"]
[WhiteElo "2410"]
[BlackElo "2324"]
[PlyCount "40"]
[EventDate "2021.??.??"]
[EventType "blitz"]

1. e4 e5 2. Nf3 d5 3. exd5 Bd6 4. Nc3 Nf6 5. Bb5+ c6 6. dxc6 Nxc6 7. d4 e4 8.
Ne5 O-O 9. Nxc6 bxc6 10. Bxc6 Rb8 11. h3 Qc7 12. Ba4 Bb7 13. O-O Ba8 14. Nb5
Rxb5 15. Bxb5 e3 16. fxe3 Bh2+ 17. Kh1 Qg3 18. Qe2 Qxh3 19. Rf3 Qh4 20. Rh3
Qxh3 {Normal} 0-1